Súbor ekonomických ukazovateľov za rok 2000

Gespeichert in:
Bibliographische Detailangaben
Format: Buch
Sprache:Slowakisch
Veröffentlicht: Bratislava Ústav informácií a prognóz školstva, mládeže a telovýchovy 2001
Schlagworte:
Tags: Tag hinzufügen
Keine Tags, Fügen Sie das erste Tag hinzu!

MARC

LEADER 00000nam a2200000 4500
001 c130509
005 20230112124036.7
041 0 |a slo 
044 |a SK 
245 1 0 |a Súbor ekonomických ukazovateľov za rok 2000 
264 1 |a Bratislava  |b Ústav informácií a prognóz školstva, mládeže a telovýchovy  |c 2001 
300 |a ]45 s. 
610 2 0 |a ukazovatele ekonomické 
610 2 0 |a organizácie rozpočtové 
610 2 0 |a organizácie príspevkové 
610 2 0 |a výdavky rozpočtu štátneho 
610 2 0 |a výsledok hospodársky 
610 2 0 |a údaje štatistické 
610 2 0 |a školstvo 
610 2 0 |a školy 
610 2 0 |a úrady 
610 2 0 |a kraje 
610 2 0 |a okresy 
610 2 0 |a stavby 
610 2 0 |a zamestnanci 
610 2 0 |a výdavky 
610 2 0 |a príjmy 
610 2 0 |a mzdy 
610 2 0 |a Slovensko 
610 2 0 |a 2000